000 00664nam a2200241Ia 4500
003 OSt
005 20220918230843.0
006 a|||||r|||| 00| 0
007 ta
008 220917b |||||||| |||| 00| 0 eng d
024 _a260,875
037 _cTextual
040 _aARTS
_cARTS
_beng
041 _2eng
_aeng
082 _aV73:19.N7, L51;1
100 _aHickman Martin B
_9153376
245 0 _aProblem of American foreign policy second edition
260 _aLondon
_bGlencoe Press
_c1975
300 _avii,193p.
_ccm.
650 _aHISTORY
942 _hV73:19.N7, L51;1
_cTEXL
_2CC
999 _c289140
_d289140